[Event "8th Vasylyshyn Mem IM"]
[Site "Lviv UKR"]
[Date "2011.11.30"]
[Round "2"]
[White "Shtembuliak,E"]
[Black "Volovikov,An"]
[Result "0-1"]
[WhiteTitle "FM"]
[BlackTitle "FM"]
[WhiteElo "2119"]
[BlackElo "2315"]
[WhiteFideId "14113325"]
[BlackFideId "14120283"]
[EventDate "2011.11.29"]
[EventType "tourn"]

1. e4 c5 2. Nf3 e6 3. d3 d5 4. Qe2 dxe4 5. dxe4 b6 6. c3 Ba6 7. Qd2 Qc8 8. Bxa6
Qxa6 9. Qe2 Qxe2+ 10. Kxe2 Nf6 11. Nfd2 Nc6 12. f3 Be7 13. a4 O-O 14. Nc4 Rad8
15. Bf4 Nh5 16. Be3 f5 17. Nbd2 Nf6 18. Rad1 h6 19. Rhg1 Nd7 20. Nb1 fxe4 21.
fxe4 Nf6 22. Rxd8 Bxd8 23. Nbd2 Bc7 24. g3 Ng4 25. h3 Nxe3 26. Kxe3 a6 27. Ke2
b5 28. axb5 axb5 29. Na3 Rb8 30. g4 Be5 31. Kd3 Bf6 32. Kc2 Ne5 33. Rf1 c4 34.
Nf3 Nd3 35. h4 Be7 36. Nd4 Bxa3 37. bxa3 e5 38. Nc6 Ra8 39. Ne7+ Kh7 40. g5 Nf4
41. Rg1 Rxa3 42. g6+ Kh8 43. Rd1 Nd3 44. Kd2 Ra7 45. Nd5 Nf2 46. Rf1 Ra2+ 47.
Ke1 Nd3+ 48. Kd1 Ra1+ 49. Ke2 Nf4+ 50. Rxf4 exf4 51. e5 Kg8 52. Nxf4 Rh1 53. h5
Rh4 54. Ke3 b4 55. cxb4 c3 56. Nd5 c2 57. Kd2 Rd4+ 58. Kxc2 Rxd5 0-1

[Event "8th Vasylyshyn Mem IM"]
[Site "Lviv UKR"]
[Date "2011.12.01"]
[Round "3"]
[White "Volovikov,An"]
[Black "Nester,I"]
[Result "1-0"]
[WhiteTitle "FM"]
[BlackTitle "IM"]
[WhiteElo "2315"]
[BlackElo "2341"]
[WhiteFideId "14120283"]
[BlackFideId "14107600"]
[EventDate "2011.11.29"]
[EventType "tourn"]

1. e4 c5 2. Nc3 a6 3. f4 b5 4. Nf3 Bb7 5. d3 e6 6. g4 Ne7 7. Bg2 d5 8. Qe2 Nd7
9. O-O d4 10. Nd1 Qb6 11. Nf2 h5 12. gxh5 Nf6 13. f5 exf5 14. exf5 Rxh5 15. Ne4
Nxe4 16. dxe4 Qc7 17. Ne5 Rh4 18. Qf2 Rh7 19. Bf4 Nc6 20. Ng6 Qd7 21. Nxf8 Kxf8
22. Rae1 Kg8 23. Qg3 f6 24. e5 fxe5 25. Bxe5 Nxe5 26. Rxe5 Bxg2 27. Qxg2 Rc8 28.
f6 Qh3 29. f7+ Kf8 30. Re8+ Rxe8 31. fxe8=Q+ Kxe8 32. Qg6+ 1-0

[Event "8th Vasylyshyn Mem IM"]
[Site "Lviv UKR"]
[Date "2011.12.01"]
[Round "3"]
[White "Zajarnyi,A"]
[Black "Shtembuliak,E"]
[Result "0-1"]
[WhiteTitle "IM"]
[BlackTitle "FM"]
[WhiteElo "2333"]
[BlackElo "2119"]
[WhiteFideId "13900315"]
[BlackFideId "14113325"]
[EventDate "2011.11.29"]
[EventType "tourn"]

1. e4 e6 2. d4 d5 3. e5 c5 4. f4 Nc6 5. Nf3 Nh6 6. Bd3 Nb4 7. Be2 Nc6 8. Bd3 Nb4
9. c3 Nxd3+ 10. Qxd3 Bd7 11. dxc5 Bxc5 12. Be3 Be7 13. Nbd2 Nf5 14. Bf2 a6 15.
Nd4 Nxd4 16. Bxd4 Qc7 17. Qe3 O-O 18. O-O f5 19. exf6 gxf6 20. Rf3 Rf7 21. Raf1
Kh8 22. g4 Raf8 23. g5 Kg8 24. gxf6 Bxf6 25. Rg3+ Kh8 26. Nf3 Qd8 27. Ne5 Rg7
28. Rf2 Rxg3+ 29. Qxg3 Be8 30. Rg2 Qe7 31. Qg5 Qg7 32. Nf7+ Qxf7 33. Be5 Bxe5
34. Qxe5+ Qf6 35. Qc7 Bg6 36. Rg4 Qf5 37. h3 Qe4 38. Kh2 Qe3 0-1

[Event "8th Vasylyshyn Mem IM"]
[Site "Lviv UKR"]
[Date "2011.12.01"]
[Round "3"]
[White "Yildiz,B"]
[Black "Terletsky,O"]
[Result "1/2-1/2"]
[WhiteTitle "WIM"]
[WhiteElo "2297"]
[BlackElo "2185"]
[WhiteFideId "6302920"]
[BlackFideId "14116774"]
[EventDate "2011.11.29"]
[EventType "tourn"]

1. e4 e5 2. Nf3 Nc6 3. d4 exd4 4. Nxd4 Nf6 5. Nxc6 bxc6 6. e5 Qe7 7. Qe2 Nd5 8.
c4 Ba6 9. b3 g6 10. f4 g5 11. f5 Nf4 12. Qe3 f6 13. exf6 Qxe3+ 14. Bxe3 Kf7 15.
Kf2 Re8 16. Nd2 Bd6 17. Bd4 c5 18. Bc3 g4 19. g3 Bb7 20. Rg1 Nh5 21. Bd3 Nxf6
22. Rge1 h5 23. a3 h4 24. Nf1 hxg3+ 25. hxg3 Rxe1 26. Rxe1 Rh1 27. b4 cxb4 28.
axb4 c5 29. b5 a6 30. b6 Be7 31. Re2 d5 32. Bxf6 Bxf6 33. Kg2 dxc4+ 34. Be4
Bxe4+ 35. Rxe4 Rh8 36. Rxc4 Rb8 37. Rxc5 Rxb6 38. Rc4 Rb2+ 39. Kg1 a5 40. Rxg4
Be7 41. Rc4 Rb4 42. Nd2 Rxc4 43. Nxc4 a4 44. Kg2 a3 1/2-1/2

[Event "8th Vasylyshyn Mem IM"]
[Site "Lviv UKR"]
[Date "2011.12.01"]
[Round "3"]
[White "Buksa,N"]
[Black "Petrosyan,T1"]
[Result "0-1"]
[WhiteElo "2062"]
[BlackElo "2255"]
[WhiteFideId "14123622"]
[BlackFideId "13303678"]
[EventDate "2011.11.29"]
[EventType "tourn"]

1. e4 d6 2. d4 Nf6 3. Nc3 g6 4. f4 Bg7 5. Nf3 c5 6. dxc5 Qa5 7. Bd3 Qxc5 8. Qe2
O-O 9. Be3 Qa5 10. O-O Bg4 11. Bd2 Nc6 12. Nd5 Bxf3 13. gxf3 Qd8 14. c3 e6 15.
Ne3 Nh5 16. Ng2 d5 17. Kh1 Qb6 18. f5 dxe4 19. fxe4 exf5 20. exf5 Rae8 21. Qf2
Qxb2 22. Rfb1 Qa3 23. Rxb7 Qd6 24. Bc2 Ne5 25. Rd1 Qd5 26. Rxa7 Ng4 27. Qf1 Qc5
28. Rd7 Nf2+ 0-1

[Event "8th Vasylyshyn Mem IM"]
[Site "Lviv UKR"]
[Date "2011.12.02"]
[Round "4"]
[White "Nester,I"]
[Black "Petrosyan,T1"]
[Result "0-1"]
[WhiteTitle "IM"]
[WhiteElo "2341"]
[BlackElo "2255"]
[WhiteFideId "14107600"]
[BlackFideId "13303678"]
[EventDate "2011.11.29"]
[EventType "tourn"]

1. Nf3 Nf6 2. c4 c6 3. d4 d5 4. Nc3 e6 5. g3 dxc4 6. Ne5 b5 7. Bg2 a6 8. O-O Bb7
9. a4 Qc8 10. axb5 cxb5 11. d5 Nbd7 12. Nxd7 Nxd7 13. dxe6 fxe6 14. e4 Ne5 15.
Be3 Ng6 16. h4 Bc5 17. h5 Ne5 18. h6 g6 19. Bh3 O-O 20. Bxc5 Qxc5 21. Bxe6+ Kh8
22. Kg2 b4 23. Nd5 Rae8 24. f4 Nd3 25. Qg4 Qd4 26. f5 gxf5 27. Bxf5 Qxb2+ 28.
Kh3 Qxa1 0-1

[Event "8th Vasylyshyn Mem IM"]
[Site "Lviv UKR"]
[Date "2011.12.02"]
[Round "4"]
[White "Terletsky,O"]
[Black "Buksa,N"]
[Result "1-0"]
[WhiteElo "2185"]
[BlackElo "2062"]
[WhiteFideId "14116774"]
[BlackFideId "14123622"]
[EventDate "2011.11.29"]
[EventType "tourn"]

1. e4 c5 2. Nf3 d6 3. d4 cxd4 4. Nxd4 Nf6 5. Nc3 a6 6. Be3 Qc7 7. f3 e6 8. g4 b5
9. g5 Nfd7 10. Qd2 Nc6 11. O-O-O Bb7 12. Kb1 Nde5 13. f4 Nxd4 14. Qxd4 Nc6 15.
Qd2 Na5 16. Qf2 Nc4 17. Bxc4 Qxc4 18. Rd4 Qc7 19. Rhd1 h6 20. gxh6 Rxh6 21. f5
Rh5 22. fxe6 fxe6 23. Rf1 Qe7 24. Rxd6 Rxh2 25. Qxh2 Qxd6 26. Qh5+ 1-0

[Event "8th Vasylyshyn Mem IM"]
[Site "Lviv UKR"]
[Date "2011.12.02"]
[Round "4"]
[White "Vetoshko,V"]
[Black "Yildiz,B"]
[Result "0-1"]
[BlackTitle "WIM"]
[WhiteElo "2242"]
[BlackElo "2297"]
[WhiteFideId "14122480"]
[BlackFideId "6302920"]
[EventDate "2011.11.29"]
[EventType "tourn"]

1. e4 e5 2. Nf3 Nc6 3. Bb5 a6 4. Ba4 Nf6 5. d4 Nxd4 6. Nxd4 exd4 7. O-O b5 8.
Bb3 d6 9. c3 dxc3 10. e5 c2 11. Qxc2 dxe5 12. Bg5 Bd6 13. Nc3 Bb7 14. Bd5 c6 15.
Bxf6 gxf6 16. Be4 Qb6 17. Bxh7 O-O-O 18. Bf5+ Kb8 19. Ne4 c5 20. Rfd1 c4 21.
Nxd6 Rxd6 22. Rxd6 Qxd6 23. Rd1 Qc6 24. f3 Bc8 25. Bxc8 Qxc8 26. Qd2 Qc5+ 27.
Kh1 b4 28. Qd7 Rc8 29. Qxf7 Rc7 30. Qe8+ Ka7 31. Rd8 c3 32. Ra8+ Kb6 33. Qa4 Qb5
34. Qd1 c2 35. Qd6+ Rc6 36. Qd8+ Kc5 37. Qf8+ Kc4 38. Qh6 Qd5 39. h3 Qd1+ 40.
Kh2 c1=Q 0-1

[Event "8th Vasylyshyn Mem IM"]
[Site "Lviv UKR"]
[Date "2011.12.02"]
[Round "4"]
[White "Shtembuliak,E"]
[Black "Kostin,Alexe"]
[Result "0-1"]
[WhiteTitle "FM"]
[BlackTitle "IM"]
[WhiteElo "2119"]
[BlackElo "2333"]
[WhiteFideId "14113325"]
[BlackFideId "4120736"]
[EventDate "2011.11.29"]
[EventType "tourn"]

1. e4 c5 2. Nf3 e6 3. d3 d6 4. g3 Nf6 5. Bg2 Nc6 6. O-O Be7 7. Nbd2 O-O 8. c3
Bd7 9. a3 Rc8 10. b4 Ne5 11. Nxe5 dxe5 12. Bb2 Qc7 13. Qb3 Rfd8 14. c4 b5 15.
Rfc1 Qb8 16. Bf1 Ng4 17. h3 Bg5 18. Rc2 Bxd2 19. Rxd2 Nf6 20. Rc2 cxb4 21. axb4
bxc4 22. Rxc4 Rxc4 23. Qxc4 Bb5 24. Qc5 a6 25. Bxe5 Qb7 26. Qe3 Qe7 27. Qg5 h6
28. Qh4 Kh7 29. g4 Ng8 30. Qg3 Qxb4 31. g5 Qe7 32. h4 f6 33. g6+ Kh8 34. Bc7 Rd7
35. Bb6 Rb7 36. Be3 e5 37. Rc1 Rc7 38. Rxc7 Qxc7 39. f4 a5 40. fxe5 fxe5 41. Qf2
a4 42. Qb2 Be8 43. h5 Qe7 44. Bd2 a3 45. Qa2 Bd7 46. Bc1 Qc5+ 47. Be3 Qxe3+ 48.
Kh2 Qe1 49. d4 Qxf1 0-1

[Event "8th Vasylyshyn Mem IM"]
[Site "Lviv UKR"]
[Date "2011.12.02"]
[Round "4"]
[White "Volovikov,An"]
[Black "Zajarnyi,A"]
[Result "1-0"]
[WhiteTitle "FM"]
[BlackTitle "IM"]
[WhiteElo "2315"]
[BlackElo "2333"]
[WhiteFideId "14120283"]
[BlackFideId "13900315"]
[EventDate "2011.11.29"]
[EventType "tourn"]

1. e4 Nc6 2. d4 d5 3. exd5 Qxd5 4. Nf3 e5 5. Nc3 Bb4 6. Bd2 Bxc3 7. Bxc3 e4 8.
Ne5 Nxe5 9. dxe5 Ne7 10. Qe2 Bf5 11. g4 e3 12. gxf5 Qxh1 13. O-O-O Qe4 14. f6
gxf6 15. exf6 Ng6 16. Rd4 Qe6 17. Qf3 O-O 18. Re4 Qxa2 19. b3 Qa3+ 20. Kb1 Qd6
21. Qxe3 Qxh2 22. Bd3 b6 23. f4 Kh8 24. f5 Nh4 25. Qh6 Qg1+ 26. Re1 Qg3 27. Qg7+
Qxg7 28. fxg7+ Kg8 29. gxf8=Q+ Kxf8 1-0

[Event "8th Vasylyshyn Mem IM"]
[Site "Lviv UKR"]
[Date "2011.12.03"]
[Round "5"]
[White "Zajarnyi,A"]
[Black "Nester,I"]
[Result "1/2-1/2"]
[WhiteTitle "IM"]
[BlackTitle "IM"]
[WhiteElo "2333"]
[BlackElo "2341"]
[WhiteFideId "13900315"]
[BlackFideId "14107600"]
[EventDate "2011.11.29"]
[EventType "tourn"]

1. Nf3 d5 2. b3 Nf6 3. Bb2 g6 4. c4 dxc4 5. bxc4 Bg7 6. e3 O-O 7. Be2 c5 8. O-O
Nc6 9. Qb3 b6 10. Rd1 Na5 11. Qa3 Be6 12. d3 Qc8 13. Nbd2 Rd8 14. Rac1 Qb7 15.
Ne5 Rac8 16. Bf3 Qc7 17. Nb3 Nxb3 18. axb3 Ne8 19. Nc6 Bxb2 20. Qxb2 Rd6 21. d4
cxd4 22. exd4 Nf6 23. d5 Bg4 24. Re1 Rxc6 25. dxc6 Bxf3 26. gxf3 Nh5 27. c5 b5
28. Qd4 Qxc6 29. Rxe7 Qxf3 30. Rce1 Nf6 31. Rxa7 Nd5 32. Ra2 Nf4 33. Qe4 Qxb3
34. Ra8 Rxa8 35. Qxa8+ Kg7 36. Qa1+ Kh6 37. Qf6 Qf3 38. Qh4+ Kg7 39. Qg3 Ne2+
40. Rxe2 Qxe2 41. Qc3+ f6 42. h3 Qd1+ 43. Kh2 Qd5 44. c6 Qd6+ 45. Kg2 Qc7 46.
Qc5 b4 47. Qb5 Kh6 48. Qb7 Qf4 49. c7 Qg5+ 50. Kf3 Qf5+ 51. Ke3 Qe5+ 52. Kd3
Qc3+ 53. Ke4 Qe5+ 1/2-1/2

[Event "8th Vasylyshyn Mem IM"]
[Site "Lviv UKR"]
[Date "2011.12.03"]
[Round "5"]
[White "Kostin,Alexe"]
[Black "Volovikov,An"]
[Result "1-0"]
[WhiteTitle "IM"]
[BlackTitle "FM"]
[WhiteElo "2333"]
[BlackElo "2315"]
[WhiteFideId "4120736"]
[BlackFideId "14120283"]
[EventDate "2011.11.29"]
[EventType "tourn"]

1. e4 c5 2. Nf3 e6 3. c3 d5 4. exd5 exd5 5. d4 Nc6 6. Bb5 Nf6 7. O-O Be7 8. dxc5
Bxc5 9. Qe2+ Be6 10. Ng5 O-O 11. Nxe6 fxe6 12. b4 Bb6 13. Qxe6+ Kh8 14. Bg5
Bxf2+ 15. Kh1 Qb6 16. Bxc6 Ne4 17. Nd2 Nxg5 18. Qxd5 Qe3 19. Bxb7 Rad8 20. Nc4
Qf4 21. Qe5 Qh4 22. Nd6 Qg4 23. Bc8 Rxc8 24. Nxc8 h6 25. Ne7 Kh7 26. Rae1 Nf3
27. Qe2 Nxh2 28. Rxf2 1-0

[Event "8th Vasylyshyn Mem IM"]
[Site "Lviv UKR"]
[Date "2011.12.03"]
[Round "5"]
[White "Buksa,N"]
[Black "Vetoshko,V"]
[Result "1-0"]
[WhiteElo "2062"]
[BlackElo "2242"]
[WhiteFideId "14123622"]
[BlackFideId "14122480"]
[EventDate "2011.11.29"]
[EventType "tourn"]

1. e4 c5 2. Nf3 d6 3. d4 cxd4 4. Nxd4 Nf6 5. Nc3 g6 6. Be3 Bg7 7. f3 O-O 8. Bc4
Nc6 9. Qd2 Bd7 10. O-O-O Rb8 11. Bb3 Na5 12. h4 b5 13. Kb1 Nc4 14. Bxc4 bxc4 15.
Ka1 h5 16. Rb1 Re8 17. Bh6 Bh8 18. g4 e5 19. Nde2 hxg4 20. h5 Nxh5 21. Nd5 gxf3
22. Ng3 c3 23. Qh2 cxb2+ 24. Rxb2 Rxb2 25. Kxb2 Nxg3 26. Qxg3 f2 27. Bg5 Qb8+
28. Kc1 f1=Q+ 29. Rxf1 f5 30. Bf6 Kf7 31. Qh4 Qb5 32. Qh7+ Ke6 33. Nc7+ Kxf6 34.
Nxb5 Bxb5 35. Rg1 g5 36. Rh1 Bg7 37. exf5 1-0

[Event "8th Vasylyshyn Mem IM"]
[Site "Lviv UKR"]
[Date "2011.12.03"]
[Round "5"]
[White "Petrosyan,T1"]
[Black "Terletsky,O"]
[Result "0-1"]
[WhiteElo "2255"]
[BlackElo "2185"]
[WhiteFideId "13303678"]
[BlackFideId "14116774"]
[EventDate "2011.11.29"]
[EventType "tourn"]

1. e4 e5 2. Nf3 Nc6 3. Bb5 a6 4. Ba4 Nf6 5. d3 b5 6. Bb3 Be7 7. a4 Rb8 8. O-O
O-O 9. Re1 d6 10. c3 Na5 11. Ba2 c5 12. Nbd2 h6 13. Nf1 b4 14. Ng3 bxc3 15. bxc3
Be6 16. Bxe6 fxe6 17. d4 exd4 18. cxd4 Nb3 19. Ra2 c4 20. e5 Nd5 21. exd6 Bxd6
22. Rc2 Qc7 23. Qe2 Bxg3 24. Qxe6+ Qf7 25. Qxf7+ Rxf7 26. hxg3 c3 27. Be3 Rb4
28. Ne5 Rc7 29. Rb1 Nxd4 30. Rxb4 Nxc2 31. Rb1 Ncxe3 0-1

[Event "8th Vasylyshyn Mem IM"]
[Site "Lviv UKR"]
[Date "2011.12.04"]
[Round "6"]
[White "Nester,I"]
[Black "Terletsky,O"]
[Result "1-0"]
[WhiteTitle "IM"]
[WhiteElo "2341"]
[BlackElo "2185"]
[WhiteFideId "14107600"]
[BlackFideId "14116774"]
[EventDate "2011.11.29"]
[EventType "tourn"]

1. Nf3 Nf6 2. c4 g6 3. d4 Bg7 4. g3 O-O 5. Bg2 d6 6. Nc3 c6 7. O-O Qa5 8. e4 Bg4
9. h3 Bxf3 10. Bxf3 Nbd7 11. Be3 Qb4 12. Qb3 a5 13. Bd1 Nb6 14. a3 Qxb3 15. Bxb3
Nbd7 16. f4 e5 17. fxe5 dxe5 18. d5 Rfc8 19. c5 Bf8 20. d6 Rab8 21. Bc4 b5 22.
cxb6 Bxd6 23. Rad1 Bf8 24. Rxd7 Nxd7 25. Rxf7 Nxb6 26. Bxb6 1-0

[Event "8th Vasylyshyn Mem IM"]
[Site "Lviv UKR"]
[Date "2011.12.04"]
[Round "6"]
[White "Vetoshko,V"]
[Black "Petrosyan,T1"]
[Result "0-1"]
[WhiteElo "2242"]
[BlackElo "2255"]
[WhiteFideId "14122480"]
[BlackFideId "13303678"]
[EventDate "2011.11.29"]
[EventType "tourn"]

1. e4 e5 2. Nf3 Nc6 3. Bb5 a6 4. Ba4 Nf6 5. d4 exd4 6. O-O Be7 7. Re1 b5 8. Bb3
d6 9. Bd5 Nxd5 10. exd5 Ne5 11. Nxd4 O-O 12. a4 Bg4 13. f3 Bd7 14. Nc3 b4 15.
Ne4 Re8 16. Bf4 Ng6 17. Bd2 Qb8 18. c4 bxc3 19. Bxc3 Nf4 20. Ne2 Qb6+ 21. Kh1
Nxe2 22. Rxe2 f5 23. a5 Qa7 24. Ng3 Bg5 25. Nh5 Bh6 26. Rc2 Re7 27. Bd2 Rae8 28.
Bxh6 Ba4 29. h3 Re1+ 30. Qxe1 Rxe1+ 31. Rxe1 Bxc2 32. Bg5 h6 33. Bd8 Qb8 34.
Re8+ Kh7 35. Rf8 Qa8 36. Nf4 Bb3 37. Be7 Qb7 38. Rxf5 c6 39. Bxd6 Qd7 40. dxc6
Qxf5 41. c7 Be6 42. Nxe6 Qxe6 43. Be5 g6 44. f4 Kg8 45. Kg1 Kf7 46. Kf2 Ke7 47.
h4 h5 48. g3 Kd7 49. Kf3 Qd5+ 50. Kf2 Qxa5 51. Kf3 Qc5 52. Ke2 a5 53. Kf3 a4 54.
Ke2 Qd5 55. Kf2 Qe4 0-1

[Event "8th Vasylyshyn Mem IM"]
[Site "Lviv UKR"]
[Date "2011.12.04"]
[Round "6"]
[White "Volovikov,An"]
[Black "Yildiz,B"]
[Result "0-1"]
[WhiteTitle "FM"]
[BlackTitle "WIM"]
[WhiteElo "2315"]
[BlackElo "2297"]
[WhiteFideId "14120283"]
[BlackFideId "6302920"]
[EventDate "2011.11.29"]
[EventType "tourn"]

1. e4 e5 2. Bc4 Nf6 3. d4 exd4 4. Nf3 Nc6 5. e5 Ng4 6. O-O d6 7. Bxf7+ Kxf7 8.
Ng5+ Ke8 9. e6 Nh6 10. c3 Qf6 11. cxd4 Qxd4 12. Bd2 Qg4 13. f3 Qd4+ 14. Kh1 Be7
15. f4 Qd3 16. Nc3 Qf5 17. Qb3 Kd8 18. Nd5 Nd4 19. Qc4 c5 20. Rae1 b5 21. Ba5+
Ke8 22. Nc7+ Kf8 23. Nxb5 Ba6 24. a4 Nxb5 25. axb5 Bb7 26. Qe2 Ng4 27. Nf7 Qh5 0-1

[Event "8th Vasylyshyn Mem IM"]
[Site "Lviv UKR"]
[Date "2011.12.04"]
[Round "6"]
[White "Zajarnyi,A"]
[Black "Kostin,Alexe"]
[Result "1/2-1/2"]
[WhiteTitle "IM"]
[BlackTitle "IM"]
[WhiteElo "2333"]
[BlackElo "2333"]
[WhiteFideId "13900315"]
[BlackFideId "4120736"]
[EventDate "2011.11.29"]
[EventType "tourn"]

1. Nf3 Nf6 2. d4 e6 3. c4 b6 4. g3 Bb7 5. Bg2 Be7 6. Nc3 O-O 7. O-O Ne4 8. Qc2
Nxc3 9. Qxc3 d5 10. Bf4 dxc4 11. Qxc4 c5 12. Rfd1 cxd4 13. Nxd4 Bxg2 14. Kxg2
Qc8 1/2-1/2

[Event "8th Vasylyshyn Mem IM"]
[Site "Lviv UKR"]
[Date "2011.12.05"]
[Round "7"]
[White "Kostin,Alexe"]
[Black "Nester,I"]
[Result "1-0"]
[WhiteTitle "IM"]
[BlackTitle "IM"]
[WhiteElo "2333"]
[BlackElo "2341"]
[WhiteFideId "4120736"]
[BlackFideId "14107600"]
[EventDate "2011.11.29"]
[EventType "tourn"]

1. e4 e5 2. Nf3 Nc6 3. Bc4 Nf6 4. Ng5 d5 5. exd5 Na5 6. Bb5+ c6 7. dxc6 bxc6 8.
Qf3 h6 9. Ne4 Nd5 10. Nbc3 Be6 11. Ba4 Be7 12. d3 O-O 13. Qg3 Bh4 14. Qxe5 Re8
15. O-O Rb8 16. Qd6 Qb6 17. Qc5 Qc7 18. Bd2 Nb4 19. Nb5 Rxb5 20. Bxb5 Be7 21.
Qc3 1-0

[Event "8th Vasylyshyn Mem IM"]
[Site "Lviv UKR"]
[Date "2011.12.05"]
[Round "7"]
[White "Yildiz,B"]
[Black "Zajarnyi,A"]
[Result "1/2-1/2"]
[WhiteTitle "WIM"]
[BlackTitle "IM"]
[WhiteElo "2297"]
[BlackElo "2333"]
[WhiteFideId "6302920"]
[BlackFideId "13900315"]
[EventDate "2011.11.29"]
[EventType "tourn"]

1. e4 Nc6 2. Nf3 d6 3. d4 Nf6 4. d5 Ne5 5. Nxe5 dxe5 6. Nc3 e6 7. Bb5+ Bd7 8.
dxe6 Bxb5 9. exf7+ Kxf7 10. Qxd8 Rxd8 11. Nxb5 Nxe4 12. f3 a6 13. fxe4 axb5 14.
Be3 1/2-1/2

[Event "8th Vasylyshyn Mem IM"]
[Site "Lviv UKR"]
[Date "2011.12.05"]
[Round "7"]
[White "Petrosyan,T1"]
[Black "Shtembuliak,E"]
[Result "1-0"]
[BlackTitle "FM"]
[WhiteElo "2255"]
[BlackElo "2119"]
[WhiteFideId "13303678"]
[BlackFideId "14113325"]
[EventDate "2011.11.29"]
[EventType "tourn"]

1. d4 Nf6 2. c4 d6 3. Nc3 Bf5 4. f3 e5 5. e4 exd4 6. Qxd4 Be6 7. b3 g6 8. Bg5
Bg7 9. Qd2 O-O 10. Nge2 Nc6 11. g3 Re8 12. Bg2 a5 13. Rc1 Qb8 14. O-O Nd7 15.
Nd5 Bxd5 16. cxd5 Nce5 17. Be3 a4 18. b4 b5 19. Bd4 Nc4 20. Qc3 Bh6 21. f4 Qd8
22. Qd3 a3 23. Bc3 Ndb6 24. Qd4 f6 25. Bh3 Bg7 26. Be6+ Rxe6 27. dxe6 Qe7 28. f5
c5 29. Qf2 Bh6 30. Nf4 Ne5 31. Rcd1 Bxf4 32. Qxf4 g5 33. Qf2 Nbc4 34. Bxe5 Nxe5
35. bxc5 dxc5 36. Rd5 Rc8 37. Qe3 h6 38. Qxa3 b4 39. Qa6 Rb8 40. Rxe5 fxe5 41.
f6 Qc7 42. e7 Kf7 43. Qc4+ Kg6 44. Qe6 1-0

[Event "8th Vasylyshyn Mem IM"]
[Site "Lviv UKR"]
[Date "2011.12.05"]
[Round "7"]
[White "Terletsky,O"]
[Black "Vetoshko,V"]
[Result "0-1"]
[WhiteElo "2185"]
[BlackElo "2242"]
[WhiteFideId "14116774"]
[BlackFideId "14122480"]
[EventDate "2011.11.29"]
[EventType "tourn"]

1. e4 c5 2. Nf3 Nc6 3. d4 cxd4 4. Nxd4 e5 5. Nb5 a6 6. Nd6+ Bxd6 7. Qxd6 Qf6 8.
Qd1 Qg6 9. Nc3 d5 10. Nxd5 Qxe4+ 11. Be3 Nd4 12. Nc7+ Ke7 13. Qd3 Nxc2+ 14. Kd2
Qxd3+ 15. Bxd3 Nxe3 16. Nxa8 Nd5 17. Rhc1 Ngf6 18. Nc7 Nb4 19. a3 Nxd3 20. Kxd3
Bd7 21. a4 Kd6 22. Rc3 Bc6 23. Nxa6 bxa6 24. Rb3 Nd5 25. g3 f5 26. f3 Re8 27.
Ke2 e4 28. f4 Rc8 0-1

[Event "8th Vasylyshyn Mem IM"]
[Site "Lviv UKR"]
[Date "2011.12.06"]
[Round "8"]
[White "Nester,I"]
[Black "Vetoshko,V"]
[Result "1/2-1/2"]
[WhiteTitle "IM"]
[WhiteElo "2341"]
[BlackElo "2242"]
[WhiteFideId "14107600"]
[BlackFideId "14122480"]
[EventDate "2011.11.29"]
[EventType "tourn"]

1. Nf3 Nf6 2. c4 e6 3. g3 b6 4. Bg2 Bb7 5. O-O c5 6. Nc3 Be7 7. Re1 a6 8. e4 d6
9. d4 cxd4 10. Nxd4 Qc7 11. Be3 Nbd7 12. f4 O-O 13. Rc1 Nc5 14. Bf2 Rac8 15. f5
e5 16. Nc2 Qb8 17. Nb4 Qa8 18. Nbd5 Nxd5 19. Nxd5 Bxd5 20. cxd5 b5 21. Be3 Bd8
22. Rf1 f6 23. g4 Bb6 24. g5 fxg5 25. Kh1 h6 26. f6 Na4 27. Bxg5 hxg5 28. Qh5
Rxf6 29. Rxc8+ Qxc8 30. Rxf6 gxf6 31. Qg6+ 1/2-1/2

[Event "8th Vasylyshyn Mem IM"]
[Site "Lviv UKR"]
[Date "2011.12.06"]
[Round "8"]
[White "Shtembuliak,E"]
[Black "Terletsky,O"]
[Result "1/2-1/2"]
[WhiteTitle "FM"]
[WhiteElo "2119"]
[BlackElo "2185"]
[WhiteFideId "14113325"]
[BlackFideId "14116774"]
[EventDate "2011.11.29"]
[EventType "tourn"]

1. b3 e5 2. Bb2 Nc6 3. e3 Nf6 4. Bb5 d6 5. d4 exd4 6. Qxd4 Bd7 7. Bxc6 Bxc6 8.
Ne2 Qe7 9. Nbc3 Qe5 10. O-O-O Qxd4 11. Nxd4 Bxg2 12. Rhg1 Bh3 13. Ndb5 O-O-O 14.
Nxa7+ Kb8 15. Nab5 Rg8 16. Nxc7 Kxc7 17. Nb5+ Kb6 18. Bxf6 gxf6 19. Rxg8 Kxb5
20. Rd5+ Kc6 21. Rh5 Be6 22. Rxh7 d5 23. Rhh8 Ba3+ 24. Kd2 Rd7 25. Rd8 Rc7 26.
h4 Kb6 27. f3 1/2-1/2

[Event "8th Vasylyshyn Mem IM"]
[Site "Lviv UKR"]
[Date "2011.12.06"]
[Round "8"]
[White "Volovikov,An"]
[Black "Petrosyan,T1"]
[Result "0-1"]
[WhiteTitle "FM"]
[WhiteElo "2315"]
[BlackElo "2255"]
[WhiteFideId "14120283"]
[BlackFideId "13303678"]
[EventDate "2011.11.29"]
[EventType "tourn"]

1. e4 e5 2. Bc4 Nf6 3. d4 exd4 4. Nf3 Nc6 5. e5 d5 6. Bb5 Ne4 7. Nxd4 Bd7 8.
Bxc6 bxc6 9. O-O Bc5 10. Be3 Bb6 11. f3 Ng5 12. c3 c5 13. Nb3 c4 14. Nc5 Bc6 15.
b4 cxb3 16. axb3 Ne6 17. b4 Bxc5 18. bxc5 O-O 19. f4 f5 20. exf6 Qxf6 21. f5 Qe5
22. Bd4 Nxd4 23. Qxd4 Rxf5 24. Rxf5 Qxf5 25. Nd2 a5 26. Rf1 Qg6 27. Nf3 Qe4 28.
Qf2 Rf8 29. Re1 Qf4 30. Qa2 Kh8 31. Nd4 Bd7 32. c6 Bg4 33. Nb3 a4 34. Nc5 Qd6
35. Nd3 Qxc6 36. Qa3 Kg8 37. Ne5 Qb6+ 38. Kh1 Qf2 39. Rg1 Be2 40. h3 Re8 41. Nc6
Bf3 42. Qxa4 Qg3 0-1